• 首页
  • 本馆介绍
  • 公告通知
  • 最新文献
  • 馆藏检索
  • 电子资源
  • 读者导购
  • 参考咨询
  • 我的图书馆
  • 登录
  • 详细信息显示
  • 放入我的书架
  • 预约/预借图书
  • 作者相关作品
  • 分类相关作品
  • 丛书相关作品
  • 出版社相关作品

书目信息

  • 表格格式
  • 工作单格式
  • 卡片格式
题名:
教师实践知识与教师教学决策的互动关系研究
    
 
作者: 杨鑫 著
分册:  
出版信息: 北京   中国社会科学出版社  2018
页数: 383页
开本: 24cm
丛书名: 西师教育论丛
单 册:
中图分类: G65
科图分类:
主题词: 教师教育--jiao shi jiao yu--研究
电子资源:
ISBN: 978-7-5203-2206-5
000 01678nam 2200301 450
001 012001003216
005 20130125132311.0
010    @a978-7-5203-2206-5@dCNY108.00
099    @aCAL 012018061577
100    @a20180525d2018 em y0chiy50 ea
101 0  @achi
102    @aCN@b110000
105    @aak a 000yy
106    @ar
200 1  @a教师实践知识与教师教学决策的互动关系研究@Ajiao shi shi jian zhi shi yu jiao shi jiao xue jue ce de hu dong guan xi yan jiu@d= Study on interaction relationship between teacher' practical knowledge and teachers' teaching decision making@f杨鑫著@zeng
210    @a北京@c中国社会科学出版社@d2018
215    @a383页@c图@d24cm
225 2  @a西师教育论丛@Axi shi jiao yu lun cong
300    @a甘肃省一流学科建设项目资助成果 教育部人文社会科学重点研究基地西北师范大学西北少数民族教育发展研究中心资助成果
320    @a有书目 (第352-381页)
330    @a本研究在文献综述基础上提出了教师实践知识与教师教学决策之间互动关系结构图,并进行了论证。本研究从实践认识论的角度出发,重新理解了关于教师教学决策的研究,并把教师实践知识的研究与教师教学决策的研究结合了起来,使两者之间互为研究视角。本研究提出了行动中反思、反思中行动在教师实践知识与教师教学决策互动过程中具有的积极作用。除此之外,本研究对教学一线教师的专业发展、对教师实践者角色的认识、教师教育课程设置、教师职后培训等方面都具有一定的启示作用。
410  0 @12001 @a西师教育论丛
510 1  @aStudy on interaction relationship between teacher' practical knowledge and teachers' teaching decision making@zeng
606 0  @a教师教育@Ajiao shi jiao yu@x研究
690    @aG65@v5
701  0 @a杨鑫@Ayang xin@4著
801  2 @aCN@b江苏凤凰@c20191020
905    @b1217457-9@dG65@e115@f3
    
    教师实践知识与教师教学决策的互动关系研究= Study on interaction relationship between teacher' practical knowledge and teachers' teaching decision making/杨鑫著.-北京:中国社会科学出版社,2018
    383页:图;24cm.-(西师教育论丛)
    甘肃省一流学科建设项目资助成果 教育部人文社会科学重点研究基地西北师范大学西北少数民族教育发展研究中心资助成果
    
    ISBN 978-7-5203-2206-5:CNY108.00
    本研究在文献综述基础上提出了教师实践知识与教师教学决策之间互动关系结构图,并进行了论证。本研究从实践认识论的角度出发,重新理解了关于教师教学决策的研究,并把教师实践知识的研究与教师教学决策的研究结合了起来,使两者之间互为研究视角。本研究提出了行动中反思、反思中行动在教师实践知识与教师教学决策互动过程中具有的积极作用。除此之外,本研究对教学一线教师的专业发展、对教师实践者角色的认识、教师教育课程设置、教师职后培训等方面都具有一定的启示作用。
●
相关链接 在E读中查询图书 在五车中查询图书 在当当中查询图书 在豆瓣中查询图书


正题名:教师实践知识与教师教学决策的互动关系研究     索取号:G65/115         预约/预借

序号 登录号 条形码 馆藏地/架位号 状态 备注
1 1217457   212174573   第一样本阅览室/ [索取号:G65/115] 在馆    
2 1217458   212174582   第四借阅区/ [索取号:G65/115] 在馆    
3 1217459   212174591   教育系资料室/ [索取号:G65/115] 在馆    
唐山师范学院图书馆 欢迎您!
大连网信软件有限公司© 版权所有